Word Ladder: World Nations Quiz Stats

Quiz Updated Oct 27, 2015

Challenge
Share
Tweet
Embed
Score 0/18 Timer 02:00
1 Play Today
Hint 4-Letter Word % Correct
Sport played on horsesPOLO
96.7%
Jumping toy: ___ stickPOGO
96.3%
Cat feetPAWS
94.1%
Ancient Roman clothing itemTOGA
93.9%
Rules set by a governmentLAWS
93.4%
● African nation bordering Ghana ●●TOGO●
92.9%
FriendsPALS
92.2%
Where Cinderella met Prince CharmingBALL
90.7%
Each end of a magnetPOLE
90.3%
Hint 4-Letter Word % Correct
Cloth spread over a coffinPALL
87%
Indonesian islandBALI
86.4%
● Asian nation ●●LAOS●
84.4%
● African nation bordering Algeria ●●MALI●
83.7%
● Caribbean nation ●●CUBA●
82.4%
Musical instrumentTUBA
82%
Double agentMOLE
80.9%
Indonesian lakeTOBA
76.6%
Capital of the MaldivesMALÉ
76.2%

Today's Daily Dose

You're not logged in!

Compare scores with friends on all Sporcle quizzes.
Sign Up with Email
OR
Log In

You Might Also Like...

Show Comments

Extras

Top Quizzes Today


Score Distribution

Your Account Isn't Verified!

In order to create a playlist on Sporcle, you need to verify the email address you used during registration. Go to your Sporcle Settings to finish the process.